000 01613nam a22002177a 4500
003 PILC
005 20240126093308.0
008 180213b1998 xxu||||| |||| 00| 0 eng d
010 _aAcc#30642
020 _a9715421946
040 _cPhilippine Baptist Theological Seminary
050 _aFil PN 1010
_bR33 1998
100 _aReyes, Isabelita Orlina
_eauthor
245 _aStories from the city /
_cIsabelita Orlina Reyes
264 _a[place of publication not identified] :
_bUniversity of the Philippines Press,
_c1998
300 _a120 pages ;
_c23 cm
505 _aContents: PILGRIM Saltwater blood Communion La Jolla Cove Marine, San Diego 2:45 P.M., 3rd St. Promenade, Sta. Monica At Mammoth mountain, a fable The price, conversation 1 The price, conversation 2 The price conversation 3 The price conversation 4 Still between two cities OF SHIFTING DREAMS Fantasy books 1 Homework Fantasy books 2 Death in a bright red car A fairy tale Upon returning to the university In the first semester And the semester after that Circles Reading PIECES OF NIGHT Where stars fall Workshop city Dark road Waiting Graffiti Among the signs Not now Cafe Rain 1 Rain 2 TRANSIENCE From the rooftop At night Confession Gifts Lost Boxes The company I keep What for? Everyday, for about a month now Private lessons Another series: What of you BLOOD STREAMS Baby at sundown Blood ties Family secrets Still not still You were not like that NEON LINES
650 _aPhilippine poetry (English)
_zPhilippines
650 _aPoetry
_xCollections
942 _2ddc
_cCB
999 _c71376
_d71376